| 000 | 01897 a2200301 4500 | ||
|---|---|---|---|
| 001 | 53055 | ||
| 005 | 20260407155804.0 | ||
| 008 | 260407a1993 arg spa d | ||
| 003 | AR-UNSa-BCEJYS | ||
| 040 |
_aAR-UNSa-BCEJYS _bspa _cAR-UNSa-BCEJYS |
||
| 080 |
_a519.2 _xProbabilidades y estadística matemática |
||
| 245 | 1 | 0 | _aEstadística |
| 020 | _a84-85855-68-X | ||
| 250 | _a2a. ed. | ||
| 264 | 1 |
_aBarcelona : _bAntoni Bosch _c1993 |
|
| 300 |
_axvi, 623 p. _c23 cm. |
||
| 505 | _a1. Experimetos controlados - 2. Estudios observacionales - 3. El histograma - 4. La media y la desviación estándar - 5. Aproximación normal de un conjunto de datos - 6. El error de medida - 7. Trazado de líneas y puntos - 8. Correlación - 9. Más sobre correlación - 10. Regresión - 11. El error cuadrático medio en el contexto de la regresión - 12. La línea de regresión - 13. ¿Cuál es la probabilidad? - 14. Más sobre probabilidad - 15. Los coeficientes binomiales - 16. La ley de promedios - 17. El valor esperado y el error estándar - 18. La aproximación normal de los histogramas de probabilidad - 19. Encuestas muestrales - 20. Errores aleatorios en el muestreo - 21. La precisión de los porcentajes - 22. Medición de la ocupación y del paro - 23. La precisión de las medias - 24. Un modelo de error de medida - 25. Modelos estocásticos en genética - 26. Contrastes de significación - 27. Más contrastes para medias - 28. El contraste - 29. Una mirada más afondo sobre los contrastes de significación | ||
| 041 | _aspa | ||
| 942 | _cBK | ||
| 590 | _aniveau_biblio:m niveau_hierar:0 | ||
| 100 | 1 | _aFreedman, David | |
| 700 | 1 | _aPisani, Robert | |
| 700 | 1 | _aCoduras, Alicia | |
| 700 | 1 | _aPurves, Roger | |
| 700 | 1 | _aCuffí, Toni | |
| 700 | 1 | _aAdhikari, Ani | |
| 856 | 4 | 1 |
_uhttps://www.biblioeco.unsa.edu.ar/pmb/images/libros/L128407.jpg _yImagen de portada _qimage/jpeg |
| 999 |
_c5063 _d5063 |
||